Meilleurs buteurs d'Arsenal FC - Statistiques

Statistiques générales
  • Ce quiz a été pris 174 fois
  • Le résultat moyen est 3 sur 10
Statistiques - réponses
Rang Joueurs Buts % Correct
#1 Thierry Henry 228
100%
#6 Dennis Bergkamp 120
61%
#9 Olivier Giroud 105
60%
#3 Robin Van Persie 132
52%
#2 Ian Wright 185
37%
#8 Theo Walcott 108
27%
#7 Alan Smith 113
2%
#5 Doug Lishman 128
1%
#3 John Radford 132
1%
#10 Frank Stapleton 102
0%
Aucun quiz correspondant
Distribution des résultats
% des personnes avec chaque résultat
Percentile par nombre de réponses
Votre historique - résultats
Vous n’avez pas pris ce quiz